Chargement en cours...

Financial management techniques( a study of urban cooperative banks)

Détails bibliographiques
Auteur principal: Munshi, K G
Format: Printed Book
Langue:Undetermined
Publié: New Delhi Anmol Publications
LEADER 00568nam a2200145Ia 4500
008 161229s9999 xx 000 0 und d
020 |a 8170412889 
082 |a 658.15 MUN/FI 
100 |a Munshi, K G 
245 |a Financial management techniques( a study of urban cooperative banks) 
260 |b Anmol Publications  |a New Delhi 
300 |a xv, 218 
942 |c BK 
999 |c 154339  |d 154339 
952 |0 0  |1 0  |4 0  |6 658_150000000000000_MUNFI  |7 0  |9 153415  |a KAUCLV  |b KAUCLV  |d 2016-12-29  |g 250.00  |o 658.15 MUN/FI  |p 905648  |r 2016-12-29  |w 2016-12-29  |y BK  |z Book transferred from CCBM Library ,Acc.No:3652